5HLuxD.jpg

KING HENRY VIII SENIOR AND PRIMARY SCHOOL LIBRARY OPAC

Secret keeper / (Record no. 139)

000 -LEADER
fixed length control field 01151cam a2200277 a 4500
001 - CONTROL NUMBER
control field 545285
003 - CONTROL NUMBER IDENTIFIER
control field SCU
005 - DATE AND TIME OF LATEST TRANSACTION
control field 20190729083901.0
008 - FIXED-LENGTH DATA ELEMENTS--GENERAL INFORMATION
fixed length control field 090921t20112009nyub j 000 1 eng d
020 ## - INTERNATIONAL STANDARD BOOK NUMBER
International Standard Book Number 9780440239550 (pbk.)
020 ## - INTERNATIONAL STANDARD BOOK NUMBER
International Standard Book Number 0440239559 (pbk.)
040 ## - CATALOGING SOURCE
Modifying agency SCU
Transcribing agency KH8
042 ## - AUTHENTICATION CODE
Authentication code nbic
082 ## - DEWEY DECIMAL CLASSIFICATION NUMBER
Classification number FIC PER
100 1# - MAIN ENTRY--PERSONAL NAME
Personal name Perkins, Mitali.
Relator term author
245 10 - TITLE STATEMENT
Title Secret keeper /
Statement of responsibility, etc. Mitali Perkins.
250 ## - EDITION STATEMENT
Edition statement 1st trade pbk. ed.
260 ## - PUBLICATION, DISTRIBUTION, ETC.
Place of publication, distribution, etc. New York :
Name of publisher, distributor, etc. Ramdom House,
Date of publication, distribution, etc. 2011, c2009.
300 ## - PHYSICAL DESCRIPTION
Extent 225 p. :
Other physical details map ;
Dimensions 21 cm.
520 ## - SUMMARY, ETC.
Summary, etc. In 1974 when her father leaves New Delhi, India, to seek a job in New York, Ashi, a tomboy at the advanced age of sixteen, feels thwarted in the home of her extended family in Calcutta where she, her mother, and sister must stay, and when her father dies before he can send for them, they must remain with their relatives and observe the old-fashioned traditions that Ashi hates.
650 #0 - SUBJECT ADDED ENTRY--TOPICAL TERM
Topical term or geographic name entry element Sisters
Form subdivision Juvenile fiction.
650 #0 - SUBJECT ADDED ENTRY--TOPICAL TERM
Topical term or geographic name entry element Individuality
Form subdivision Juvenile fiction.
650 #0 - SUBJECT ADDED ENTRY--TOPICAL TERM
Topical term or geographic name entry element Families
Geographic subdivision India
Form subdivision Juvenile fiction.
651 #0 - SUBJECT ADDED ENTRY--GEOGRAPHIC NAME
Geographic name India
General subdivision History
Chronological subdivision 1947-
Form subdivision Juvenile fiction.
942 ## - ADDED ENTRY ELEMENTS (KOHA)
Source of classification or shelving scheme
Koha item type Books - Fiction
Holdings
Withdrawn status Lost status Source of classification or shelving scheme Damaged status Not for loan Collection code Permanent Location Current Location Shelving location Date acquired Total Checkouts Full call number Barcode Date last seen Date last checked out Price effective from Koha item type
          Fiction KH8 Senior School Library KH8 Senior School Library Fiction 2019-07-29 1 FIC PER 3KHSL000101177 2024-07-18 2022-09-06 2019-07-29 Books - Fiction

Powered By KH8 IT Dept